|
|
|
|
| LEADER |
03168nam a22006495i 4500 |
| 001 |
978-3-642-31919-8 |
| 003 |
DE-He213 |
| 005 |
20151204174519.0 |
| 007 |
cr nn 008mamaa |
| 008 |
120720s2012 gw | s |||| 0|eng d |
| 020 |
|
|
|a 9783642319198
|9 978-3-642-31919-8
|
| 024 |
7 |
|
|a 10.1007/978-3-642-31919-8
|2 doi
|
| 040 |
|
|
|d GrThAP
|
| 050 |
|
4 |
|a TA1637-1638
|
| 050 |
|
4 |
|a TA1634
|
| 072 |
|
7 |
|a UYT
|2 bicssc
|
| 072 |
|
7 |
|a UYQV
|2 bicssc
|
| 072 |
|
7 |
|a COM012000
|2 bisacsh
|
| 072 |
|
7 |
|a COM016000
|2 bisacsh
|
| 082 |
0 |
4 |
|a 006.6
|2 23
|
| 082 |
0 |
4 |
|a 006.37
|2 23
|
| 245 |
1 |
0 |
|a Intelligent Science and Intelligent Data Engineering
|h [electronic resource] :
|b Second Sino-foreign-interchange Workshop, IScIDE 2011, Xi’an, China, October 23-25, 2011, Revised Selected Papers /
|c edited by Yanning Zhang, Zhi-Hua Zhou, Changshui Zhang, Ying Li.
|
| 264 |
|
1 |
|a Berlin, Heidelberg :
|b Springer Berlin Heidelberg :
|b Imprint: Springer,
|c 2012.
|
| 300 |
|
|
|a XVI, 772 p. 336 illus.
|b online resource.
|
| 336 |
|
|
|a text
|b txt
|2 rdacontent
|
| 337 |
|
|
|a computer
|b c
|2 rdamedia
|
| 338 |
|
|
|a online resource
|b cr
|2 rdacarrier
|
| 347 |
|
|
|a text file
|b PDF
|2 rda
|
| 490 |
1 |
|
|a Lecture Notes in Computer Science,
|x 0302-9743 ;
|v 7202
|
| 505 |
0 |
|
|a machine learning and computational intelligence -- pattern recognition -- computer vision and image processing -- graphics and computer visualization -- knowledge discovering, data mining, web mining -- multimedia processing and application.
|
| 520 |
|
|
|a This book constitutes the proceedings of the Sino-foreign-interchange Workshop on Intelligence Science and Intelligent Data Engineering, IScIDE 2011, held in Xi'an, China, in October 2011. The 97 papers presented were carefully peer-reviewed and selected from 389 submissions. The IScIDE papers in this volume are organized in topical sections on machine learning and computational intelligence; pattern recognition; computer vision and image processing; graphics and computer visualization; knowledge discovering, data mining, web mining; multimedia processing and application.
|
| 650 |
|
0 |
|a Computer science.
|
| 650 |
|
0 |
|a Data mining.
|
| 650 |
|
0 |
|a Multimedia information systems.
|
| 650 |
|
0 |
|a Artificial intelligence.
|
| 650 |
|
0 |
|a Computer graphics.
|
| 650 |
|
0 |
|a Image processing.
|
| 650 |
|
0 |
|a Pattern recognition.
|
| 650 |
1 |
4 |
|a Computer Science.
|
| 650 |
2 |
4 |
|a Image Processing and Computer Vision.
|
| 650 |
2 |
4 |
|a Pattern Recognition.
|
| 650 |
2 |
4 |
|a Computer Graphics.
|
| 650 |
2 |
4 |
|a Artificial Intelligence (incl. Robotics).
|
| 650 |
2 |
4 |
|a Multimedia Information Systems.
|
| 650 |
2 |
4 |
|a Data Mining and Knowledge Discovery.
|
| 700 |
1 |
|
|a Zhang, Yanning.
|e editor.
|
| 700 |
1 |
|
|a Zhou, Zhi-Hua.
|e editor.
|
| 700 |
1 |
|
|a Zhang, Changshui.
|e editor.
|
| 700 |
1 |
|
|a Li, Ying.
|e editor.
|
| 710 |
2 |
|
|a SpringerLink (Online service)
|
| 773 |
0 |
|
|t Springer eBooks
|
| 776 |
0 |
8 |
|i Printed edition:
|z 9783642319181
|
| 830 |
|
0 |
|a Lecture Notes in Computer Science,
|x 0302-9743 ;
|v 7202
|
| 856 |
4 |
0 |
|u http://dx.doi.org/10.1007/978-3-642-31919-8
|z Full Text via HEAL-Link
|
| 912 |
|
|
|a ZDB-2-SCS
|
| 912 |
|
|
|a ZDB-2-LNC
|
| 950 |
|
|
|a Computer Science (Springer-11645)
|